Vista normal
Vista MARC
Entrada Topical Term
Número de registros utilizados en: 1
001 - CONTROL NUMBER
- control field: 43106
003 - CONTROL NUMBER IDENTIFIER
- control field: OSt
005 - DATE AND TIME OF LATEST TRANSACTION
- control field: 20231219203648.0
008 - FIXED-LENGTH DATA ELEMENTS
- fixed length control field: 231219|| aca||aabn | a|a d
040 ## - CATALOGING SOURCE
- Original cataloging agency: OSt
- Transcribing agency: OSt
150 ## - HEADING--TOPICAL TERM
- Topical term or geographic name entry element: Biblia ilustrada
- General subdivision: infantil
670 ## - SOURCE DATA FOUND
- Source citation: Work cat.: (OSt)30270: Barnes, Trevor Narrador 43104, Historias de la Biblia /